| 000 | 01275nkm a2200289 i 4500 | ||
|---|---|---|---|
| 001 | 3230 | ||
| 003 | ES-MaACL | ||
| 005 | 20250801034650.0 | ||
| 007 | khrbo | ||
| 008 | 050923s1983 sp --- g |001||spa d | ||
| 100 | 0 |
_aAlfonso, _d1902-1990 _919858 |
|
| 245 | 1 | 0 |
_aPresentación de la colección "Cuadernos Americanos" [ _hFotografía] / _cAlfonso (sello). |
| 260 |
_a[S.l. : _bs.n.], _c1983. |
||
| 300 |
_a4 fot. : _bb. y n. ; _c12 x 18 cm. |
||
| 500 | _aDatos basados en invitación. | ||
| 511 | 0 | _aIntervienen: José Gerardo Manrique de Lara, Manuel S. Garrido, Teresa Waisman, Hugo Gutíerrez Vega. | |
| 518 | _aActo organizado por la Sección de Literatura del Ateneo de Madrid, celebrado en el salón de actos el domingo, 19 de junio de 1983, a las 12:00 h. | ||
| 600 | 1 | 4 |
_aManrique de Lara, José Gerardo, _d1922-2001 _976104 |
| 600 | 1 | 4 |
_aGarrido, Manuel S. _955681 |
| 600 | 1 | 4 |
_aWaisman, Teresa. _9115876 |
| 600 | 1 | 4 |
_aGutiérrez Vega, Hugo. _961235 |
| 610 | 2 | 4 |
_aAteneo de Madrid- _xActos culturales- _y1983- _vFotografías. _91896 |
| 710 | 2 |
_aAteneo de Madrid. _bSección de Literatura. _91997 |
|
| 852 |
_aES-MaACL _jFOT 95/1983 |
||
| 856 | 4 |
_uhttp://www.ateneodemadrid.net/biblioteca_digital/imagenes/1983/0095-1983.jpg _zVer imagen |
|
| 999 |
_c3230 _d3230 |
||